000 nam a22 7a 4500
999 _c8881
_d8881
008 180120b ||||| |||| 00| 0 eng d
100 _aMaheswari S
_95199
245 _aScience
260 _aNew Delhi
_bAvichal Publication
_c2008